00297nam a22000977a 4500008004100000082001200041110001300053245009100066260003400157300000800191230620b xxu||||| |||| 00| 0 eng d a323bUN bUNd1997 aHuman Rightsbinternational Instrumentscchart of Ratifications as at 31 December 1996 aNew York and GenevabUNc1995 a11p